000 01215nmm a2200265 a 4500
001 ocm0001221587
003 TR-IsHL
005 20201028155445.0
008 110704s1963 tu tur
007 cr cn
035 _a1221587
_b(N$T)
050 0 4 _aHC105.25
_b.Y86 1963
090 0 4 _aHC105.25
_b.Y86 1963
245 1 0 _aYunanistan'la Avrupa Ekonomik Topluluğu arasında birlik kuran anlaşma
_h[electronic resource] /
_cçev. Vehbi Belgil
260 _aİstanbul :
_bİstanbul Ticaret Odası,
_c1963
300 _a132 p.
500 _aAvrupa İktisadi Topluluğu'na katılmak için mezkur teşekkül nezdinde 31 Temmuz 1959 tarihinde yaptığımız müracaat 4 küsür yıllık bir süre sonra 12 Eylül 1963 tarihinde ortaklık anlaşmasının imzası suretiyle müsbet şekilde sonuçlanmış bulunmaktadır.
_x
650 4 _aEkonomi ve Finans
650 4 _aEconomics and Finance
650 0 _aAvrupa Ekonomik Topluluğu
_x Yunanistan
650 0 _aEuropean Economic Community
_x Greece
650 7 _aBUSINESS & ECONOMICS / International / Economics
_2bisacsh
700 1 _aBelgil, Vehbi
856 4 0 _uhttp://search.ebscohost.com/login.aspx?direct=true&scope=site&db=e011xww&AN=1221587
999 _c13092
_d13092